000 01471nam a22002417a 4500
005 20260611130104.0
008 260611s |||||||| |||| 00| 0 eng d
020 _a9781041015260
040 _cPK-LaUMT
082 _a610.285
_bART-
245 0 0 _aArtificial intelligence and cloud computing applications in biomedical engineering /
_cedited by H S Madhusudhan . . . [et al.]
260 _aBoca Raton :
_bCRC Press,
_c2026
300 _axiv, 236 p.
500 _aIndex present
520 _aBiomedical engineering is undergoing a transformation because of AI, which is allowing creative solutions that enhance patient outcomes, diagnosis, treatment planning, and healthcare delivery. Artificial Intelligence and Cloud Computing Applications in Biomedical Engineering examines the salient characteristics of AI in biomedical engineering, highlighting its practical applications and new directions. Highlights of the book include: Genome sequence and visualization The role of AI and cloud in detection of diseases Nature-inspired algorithms for disease detection Frameworks for disease classification With a focus on designing AI techniques for disease detection, the book explores the role of AI in biomedical engineering.
546 _aEng
650 _aAI-biomedical engineering
_912748
700 1 _aMadhusudhan, H S
_912749
700 1 _aGupta, Punit
_912750
700 1 _aRawat, Pradeep Singh
_912751
700 1 _aSaini, Dinesh Kumar
_912752
942 _cBK
999 _c141138
_d141138